000 00596nam a2200169Ia 4500
008 110201s9999 xx 000 0 und d
082 _bB8569
_aBAL 2158
100 _aआंगणे सुर्यकांत शं
245 _aमोत्याचा घास
260 _bनिर्मला प्रकाशन
365 _b30
600 _aआंगणे सुर्यकांत शं
630 _aमोत्याचा घास
700 _aआंगणे सुर्यकांत शं
730 _aमोत्याचा घास
942 _cBOOK
999 _c834047
_d834044